| 000 | 00347nam a2200133 4500 | ||
|---|---|---|---|
| 005 | 20260530115256.0 | ||
| 100 | 1 |
_aLaurens K Withers _930494 |
|
| 245 | 1 | 0 | _aDisplay and Publicity |
| 264 | 1 |
_bThe Peppin Press Amsterdam _c2002 |
|
| 300 | _a423 páginas | ||
| 336 |
_atexto _2rdacontent |
||
| 337 |
_asin medio _2rdamedia |
||
| 338 |
_avolumen _2rdacarrier |
||
| 999 |
_c12605 _d12605 |
||